[Event "GER-ch66 email"]
[Site "GER email"]
[Date "2013.??.??"]
[Round "?"]
[White "Kiupel, Heinz"]
[Black "Just, Joachim"]
[Result "1/2-1/2"]
[WhiteElo "2078"]
[BlackElo "1940"]
[PlyCount "101"]
[EventDate "2013.??.??"]
[EventType "tourn (corr)"]
[EventRounds "6"]
[EventCountry "GER"]
[SourceTitle "Corr 2015"]
[Source "ChessBase"]
[SourceDate "2015.07.17"]
[SourceVersion "1"]
[SourceVersionDate "2015.07.17"]
[SourceQuality "1"]

1. d4 Nf6 2. Nf3 d5 3. c4 dxc4 4. e3 e6 5. Bxc4 c5 6. 0-0 a6 7. Bb3 Nc6 8. Nc3 b5 9. Qe2 Bb7 10. Rd1 c4 11. Bc2 Nb4 12. Bb1 Nbd5 13. e4 Nxc3 14. bxc3 Be7 15. d5 exd5 16. e5 Nd7 17. e6 fxe6 18. Qxe6 Nc5 19. Qh3 Qd6 20. Bxh7 Kd8 21. Qf5 Qf6 22. Qc2 Kc7 23. Re1 Ne4 24. Bxe4 dxe4 25. Bg5 Qf7 26. Bxe7 Qxe7 27. Qd2 Qd6 28. Qxd6+ Kxd6 29. Nd4 Kc5 30. Re3 Bd5 31. Rg3 Rh5 32. Rxg7 b4 33. Nc2 bxc3 34. Rg3 Bf7 35. Rxc3 Rd8 36. Ra3 Kb6 37. g4 Rh4 38. Rb1+ Ka7 39. h3 Rd2 40. Ne1 Rh6 41. f4 exf3 42. Nxf3 Rd3 43. Rxd3 cxd3 44. Kg2 Bxa2 45. Rd1 Rd6 46. Kf2 Bb3 47. Rd2 a5 48. Ke3 a4 49. Rxd3 Rxd3+ 50. Kxd3 Kb6 51. h4 1/2-1/2

[Event "GER-ch66 email"]
[Site "GER email"]
[Date "2013.??.??"]
[Round "?"]
[White "Klapp, Herwig"]
[Black "Kiupel, Heinz"]
[Result "1/2-1/2"]
[WhiteElo "2172"]
[BlackElo "2078"]
[PlyCount "65"]
[EventDate "2013.??.??"]
[EventType "tourn (corr)"]
[EventRounds "6"]
[EventCountry "GER"]
[SourceTitle "Corr 2015"]
[Source "ChessBase"]
[SourceDate "2015.07.17"]
[SourceVersion "1"]
[SourceVersionDate "2015.07.17"]
[SourceQuality "1"]

1. d4 d6 2. Nf3 Bg4 3. c4 Nd7 4. Qb3 Bxf3 5. Qxf3 c6 6. e4 g6 7. Nc3 Bg7 8. Be3 c5 9. Qd1 cxd4 10. Bxd4 Bxd4 11. Qxd4 Ngf6 12. Be2 Qa5 13. 0-0 Qc5 14. Qd2 0-0 15. Kh1 a6 16. f4 Rad8 17. b3 Rfe8 18. Bf3 Qa5 19. Rfd1 b5 20. cxb5 Rc8 21. Nd5 Qxb5 22. Qe1 Nxd5 23. Rxd5 Rc5 24. Rad1 Rxd5 25. Rxd5 Qc6 26. h3 Nf6 27. Rd1 e5 28. Qb4 Qc2 29. Kh2 d5 30. Rd2 Qc1 31. exd5 a5 32. Qxa5 Qe1 33. fxe5 1/2-1/2

[Event "GER-ch44 V01 email"]
[Site "GER email"]
[Date "2013.??.??"]
[Round "?"]
[White "Koehl, Rudolf"]
[Black "Kiupel, Heinz"]
[Result "1/2-1/2"]
[WhiteElo "2085"]
[BlackElo "2078"]
[PlyCount "99"]
[EventDate "2012.??.??"]
[EventType "tourn (corr)"]
[EventRounds "10"]
[EventCountry "GER"]
[SourceTitle "Corr 2015"]
[Source "ChessBase"]
[SourceDate "2015.07.17"]
[SourceVersion "1"]
[SourceVersionDate "2015.07.17"]
[SourceQuality "1"]

1. e4 d6 2. d4 Nf6 3. Nc3 e5 4. Nf3 Nbd7 5. g4 g6 6. g5 Nh5 7. Be3 Bg7 8. Qd2 0-0 9. 0-0-0 c6 10. dxe5 Nxe5 11. Nxe5 Bxe5 12. Be2 Qa5 13. f4 Bxc3 14. Qxc3 Qxc3 15. bxc3 Rd8 16. f5 d5 17. fxg6 hxg6 18. exd5 Rxd5 19. Rxd5 cxd5 20. Bf3 Be6 21. Rd1 b6 22. c4 Re8 23. c5 bxc5 24. Bxc5 Rc8 25. Bxa7 Ra8 26. Bd4 Rxa2 27. Bc3 Kf8 28. Bxd5 Bxd5 29. Rxd5 Ke7 30. Kd2 Ke6 31. Re5+ Kd6 32. Ra5 Rxa5 33. Bxa5 Kd5 34. Ke3 Ng7 35. Kd3 Ne6 36. c4+ Ke5 37. h4 Nf4+ 38. Kc3 Ng2 39. Bc7+ Ke4 40. Bg3 Kf3 41. Be5 Ke4 42. Bf6 Kf5 43. c5 Nxh4 44. Kc4 Ke6 45. c6 Kd6 46. Kb5 Kc7 47. Kc5 Nf5 48. Bc3 Kd8 49. Kb6 Kc8 50. Be5 1/2-1/2

[Event "GER-ch44 V01 email"]
[Site "GER email"]
[Date "2013.??.??"]
[Round "?"]
[White "Traut, Werner"]
[Black "Kiupel, Heinz"]
[Result "1-0"]
[WhiteElo "2139"]
[BlackElo "2078"]
[PlyCount "71"]
[EventDate "2012.??.??"]
[EventType "tourn (corr)"]
[EventRounds "10"]
[EventCountry "GER"]
[SourceTitle "Corr 2015"]
[Source "ChessBase"]
[SourceDate "2015.07.17"]
[SourceVersion "1"]
[SourceVersionDate "2015.07.17"]
[SourceQuality "1"]

1. e4 d6 2. d4 Nf6 3. Nc3 e5 4. Nf3 Nbd7 5. Bc4 Be7 6. 0-0 Nb6 7. Be2 exd4 8. Nxd4 0-0 9. Bf4 Re8 10. Re1 h6 11. h3 Nbd7 12. Bg3 c6 13. Nf5 Ne5 14. Nxe7+ Qxe7 15. f4 Ng6 16. Qd4 Rd8 17. Bf3 b6 18. Qf2 Ne8 19. h4 Bb7 20. h5 Nf8 21. Bh4 f6 22. e5 Qf7 23. a4 d5 24. Ne2 Ne6 25. Bg4 Nc5 26. Qf3 Bc8 27. Nd4 Bxg4 28. Qxg4 Rdc8 29. e6 Qf8 30. Nf5 Kh8 31. Qg6 Rc7 32. e7 Qg8 33. Nxh6 Qh7 34. Nf5 Qxg6 35. hxg6 Nb7 36. Ra3 1-0

[Event "GER-ch 2012–G-V2 post"]
[Site "GER email"]
[Date "2012.12.31"]
[Round "?"]
[White "Gierth, Karlheinz"]
[Black "Kiupel, Heinz"]
[Result "0-1"]
[WhiteElo "1971"]
[BlackElo "2078"]
[PlyCount "108"]
[EventDate "2012.??.??"]
[EventType "tourn (corr)"]
[EventRounds "6"]
[EventCountry "GER"]
[SourceTitle "Corr 2015"]
[Source "ChessBase"]
[SourceDate "2015.07.17"]
[SourceVersion "1"]
[SourceVersionDate "2015.07.17"]
[SourceQuality "1"]

1. c4 d6 2. Nc3 e5 3. g3 f5 4. Bg2 Be7 5. b4 e4 6. d3 Nf6 7. dxe4 fxe4 8. Nxe4 0-0 9. Bd2 c6 10. Qb3 a5 11. bxa5 Na6 12. Rd1 Nxe4 13. Bxe4 Nc5 14. Qb1 Nxe4 15. Qxe4 Bf5 16. Qe3 Bf6 17. Qb3 Qe7 18. h4 Rfe8 19. Kf1 Be6 20. Rc1 d5 21. c5 h6 22. a3 Qd7 23. Bb4 d4 24. Qd3 Bf5 25. Qb3+ Kh8 26. Rd1 Be4 27. f3 Bd5 28. Qc2 Qf7 29. Qf5 Bc4 30. Rh2 Rad8 31. Rd2 Re5 32. Qc2 Re3 33. Kg2 Qe6 34. Qd1 d3 35. Kh1 Rd7 36. Qc1 Bd4 37. Qd1 Rf7 38. Qb1 Qe5 39. Rg2 dxe2 40. Qe1 Re7 41. Rf2 Kh7 42. Rc2 Bd3 43. Ra2 Qd5 44. Rd2 R3e6 45. Rxd3 Bxf2 46. Rxd5 Bxe1 47. Bxe1 cxd5 48. Kg2 Rc6 49. f4 Rxc5 50. Kf2 d4 51. Nf3 d3 52. Ne5 Rcxe5 53. fxe5 Rxe5 54. a4 Rf5+ 0-1

[Event "GER M-468 D email"]
[Site "GER email"]
[Date "2012.??.??"]
[Round "?"]
[White "Kiupel, Heinz"]
[Black "Gebhardt, Ulrich"]
[Result "1/2-1/2"]
[WhiteElo "2105"]
[BlackElo "1894"]
[PlyCount "44"]
[EventDate "2012.??.??"]
[EventType "tourn (corr)"]
[EventRounds "1"]
[EventCountry "GER"]
[SourceTitle "Corr 2015"]
[Source "ChessBase"]
[SourceDate "2015.07.17"]
[SourceVersion "1"]
[SourceVersionDate "2015.07.17"]
[SourceQuality "1"]

1. d4 Nf6 2. Nf3 e6 3. e3 d5 4. Bd3 c5 5. c3 Nc6 6. Nbd2 Be7 7. 0-0 0-0 8. Qe2 Qc7 9. b3 e5 10. dxe5 Nxe5 11. Nxe5 Qxe5 12. Bb2 Bf5 13. Rab1 Rad8 14. c4 Qe6 15. Bxf5 Qxf5 16. Rfd1 Qe6 17. Qf3 b6 18. Bxf6 Bxf6 19. cxd5 Rxd5 20. Ne4 Rxd1+ 21. Rxd1 Rd8 22. Rxd8+ Bxd8 1/2-1/2

[Event "GER-ch 2012-G-V2 serv"]
[Site "GER email"]
[Date "2012.??.??"]
[Round "?"]
[White "Kiupel, Heinz"]
[Black "Just, Joachim"]
[Result "1/2-1/2"]
[WhiteElo "2105"]
[BlackElo "2011"]
[PlyCount "65"]
[EventDate "2012.12.01"]
[EventType "tourn (corr)"]
[EventRounds "6"]
[EventCountry "GER"]
[SourceTitle "Corr 2015"]
[Source "ChessBase"]
[SourceDate "2015.07.17"]
[SourceVersion "1"]
[SourceVersionDate "2015.07.17"]
[SourceQuality "1"]

1. d4 d5 2. Nf3 c6 3. c4 Nf6 4. cxd5 cxd5 5. Nc3 Nc6 6. Ne5 e6 7. Nxc6 bxc6 8. g3 Rb8 9. Bg2 Bd6 10. b3 0-0 11. 0-0 e5 12. Bb2 exd4 13. Qxd4 Qe7 14. Rac1 Bg4 15. e4 Rb4 16. Qd2 dxe4 17. Nd1 Rd8 18. Qc2 Bf3 19. Bxf3 exf3 20. Ne3 Ne4 21. Rfe1 Qe6 22. Qxc6 h6 23. Red1 Re8 24. Rc2 Nxf2 25. Rxf2 Bxg3 26. Qxe6 Bxf2+ 27. Kxf2 Rxe6 28. Bd4 Rd6 29. Nc4 Rd7 30. Kxf3 Rb5 31. Ne3 f6 32. Rd2 Rh5 33. Kg4 1/2-1/2

[Event "GER-ch43 V01 email"]
[Site "GER email"]
[Date "2011.??.??"]
[Round "?"]
[White "Beykirch, Wolfgang"]
[Black "Kiupel, Heinz"]
[Result "1-0"]
[WhiteElo "2456"]
[BlackElo "2105"]
[PlyCount "143"]
[EventDate "2011.04.18"]
[EventType "tourn (corr)"]
[EventRounds "8"]
[EventCountry "GER"]
[SourceTitle "Corr 2015"]
[Source "ChessBase"]
[SourceDate "2015.07.17"]
[SourceVersion "1"]
[SourceVersionDate "2015.07.17"]
[SourceQuality "1"]

1. e4 d6 2. d4 Nf6 3. Nc3 e5 4. Nf3 Nbd7 5. Bc4 Be7 6. 0-0 0-0 7. Re1 c6 8. a4 b6 9. h3 a6 10. Ba2 Qc7 11. Be3 a5 12. Nh4 Nb8 13. Qf3 Na6 14. Rad1 Nb4 15. Bb3 Rb8 16. Nf5 Bxf5 17. Qxf5 Nd7 18. Qg4 exd4 19. Bxd4 Bf6 20. Bxf6 Nxf6 21. Qf4 Rbd8 22. Ne2 c5 23. c3 Nc6 24. Ng3 Ne7 25. Bc4 Ng6 26. Qg5 Rfe8 27. Qd2 Re5 28. f4 Ree8 29. Bb5 Rf8 30. Qf2 Ne7 31. Rd3 Kh8 32. c4 Nfg8 33. Red1 f5 34. Qd2 fxe4 35. Nxe4 Nf5 36. Ng5 Rf6 37. Nf3 g6 38. b3 Ng7 39. Kh2 h6 40. g3 Ne7 41. Re1 Rdf8 42. Rde3 R6f7 43. g4 Kh7 44. Kg1 Nc8 45. Re4 Qd8 46. Kh2 Na7 47. Kg3 Nxb5 48. axb5 Qf6 49. Qd5 Rc7 50. Nh4 Rg8 51. Qd3 Rf7 52. R1e2 Kh8 53. Nf3 Rgf8 54. Ne1 Qd8 55. Ng2 d5 56. Qxd5 Rd7 57. Qe5 Kg8 58. Ne1 Rf6 59. Qb2 Rfd6 60. Nf3 h5 61. Kg2 Rd3 62. R4e3 Rxe3 63. Rxe3 Rd6 64. Kf2 Ne6 65. Qe5 hxg4 66. hxg4 Nf8 67. Qe7 Qxe7 68. Rxe7 Nd7 69. g5 Kf8 70. Rh7 Ke8 71. Rh6 Ke7 72. Nh4 1-0

[Event "GER M-462 D email"]
[Site "GER email"]
[Date "2011.??.??"]
[Round "?"]
[White "Kiupel, Heinz"]
[Black "Drude, Dieter"]
[Result "1-0"]
[WhiteElo "2105"]
[BlackElo "2111"]
[PlyCount "77"]
[EventDate "2011.??.??"]
[EventType "tourn (corr)"]
[EventRounds "1"]
[EventCountry "GER"]
[SourceTitle "Corr 2015"]
[Source "ChessBase"]
[SourceDate "2015.07.17"]
[SourceVersion "1"]
[SourceVersionDate "2015.07.17"]
[SourceQuality "1"]

1. d4 Nf6 2. Nf3 d5 3. e3 c5 4. c3 e6 5. Bd3 Nbd7 6. Nbd2 Bd6 7. 0-0 0-0 8. Re1 Qc7 9. e4 cxd4 10. cxd4 dxe4 11. Nxe4 Nxe4 12. Rxe4 Re8 13. Be3 Nf6 14. Rh4 h6 15. Qd2 Bf8 16. Ne5 Qe7 17. Rh3 Bd7 18. Bxh6 gxh6 19. Rg3+ Kh8 20. Bg6 Bg7 21. Nxf7+ Kg8 22. Nxh6+ Kf8 23. Bxe8 Rxe8 24. Re1 Bc6 25. Qf4 Rd8 26. h4 Rd5 27. Re5 Rxd4 28. Qxd4 Bxh6 29. Rg6 Bg7 30. Reg5 Ne8 31. Qg4 Qf7 32. h5 Bf6 33. Qb4+ Qe7 34. Rg8+ Kf7 35. Qf4 Qd7 36. h6 Qd1+ 37. Kh2 Qd4 38. Qxd4 Bxd4 39. h7 1-0

[Event "GER-ch43 V01 email"]
[Site "GER email"]
[Date "2011.??.??"]
[Round "?"]
[White "Kiupel, Heinz"]
[Black "Kluehe, Peter"]
[Result "1-0"]
[WhiteElo "2105"]
[BlackElo "2138"]
[PlyCount "80"]
[EventDate "2011.04.18"]
[EventType "tourn (corr)"]
[EventRounds "8"]
[EventCountry "GER"]
[SourceTitle "Corr 2015"]
[Source "ChessBase"]
[SourceDate "2015.07.17"]
[SourceVersion "1"]
[SourceVersionDate "2015.07.17"]
[SourceQuality "1"]

1. d4 d5 2. Nf3 e6 3. e3 c6 4. b3 f5 5. Bd3 Nd7 6. c4 Bb4+ 7. Bd2 Bd6 8. Nc3 Qf6 9. 0-0 Nh6 10. Qc2 0-0 11. a3 g5 12. g3 a6 13. h4 gxh4 14. Nxh4 Qg7 15. Ne2 Nf6 16. Bb4 Bxb4 17. axb4 Bd7 18. Nf4 Ne4 19. Nf3 Ng4 20. Qb2 Qe7 21. c5 Kh8 22. Kg2 Rg8 23. Ne5 Be8 24. Nxg4 Rxg4 25. Rh1 Rg7 26. Be2 Bf7 27. b5 cxb5 28. Bxb5 Rag8 29. Bd3 Nxg3 30. fxg3 Rxg3+ 31. Kf2 Qg5 32. Be2 Rg2+ 33. Ke1 Qg3+ 34. Kd2 Qxf4 35. exf4 Rxe2+ 36. Kxe2 Rg2+ 37. Kd3 Rxb2 38. Rag1 Rxb3+ 39. Kc2 Rb4 40. Rb1 Rxd4 1-0

[Event "GER-ch43 V01 email"]
[Site "GER email"]
[Date "2011.??.??"]
[Round "?"]
[White "Kiupel, Heinz"]
[Black "Uecker, Dieter"]
[Result "0-1"]
[WhiteElo "2105"]
[BlackElo "2392"]
[PlyCount "110"]
[EventDate "2011.04.18"]
[EventType "tourn (corr)"]
[EventRounds "8"]
[EventCountry "GER"]
[SourceTitle "Corr 2015"]
[Source "ChessBase"]
[SourceDate "2015.07.17"]
[SourceVersion "1"]
[SourceVersionDate "2015.07.17"]
[SourceQuality "1"]

1. d4 Nf6 2. Nf3 d5 3. e3 e6 4. Bd3 c5 5. b3 Nc6 6. 0-0 Bd6 7. Bb2 0-0 8. Nbd2 Qe7 9. dxc5 Bxc5 10. c4 h6 11. a3 a5 12. Qc2 Bd7 13. Bxf6 gxf6 14. cxd5 exd5 15. Nh4 Ne5 16. Nf5 Bxf5 17. Bxf5 Rfd8 18. Rfd1 Nc6 19. Qc1 Kg7 20. Re1 Qe5 21. Qxc5 Qxf5 22. Nf1 Qg5 23. f4 Qg4 24. Rad1 Rac8 25. Qb5 Qe6 26. Rd3 Rd7 27. Ng3 f5 28. Red1 Rcd8 29. Qc5 Rd6 30. Kf2 Kh7 31. Ne2 Kg6 32. Qc3 R6d7 33. b4 axb4 34. axb4 Rc8 35. Nd4 Qe4 36. Nf3 f6 37. b5 Na7 38. Nh4+ Kf7 39. Qb2 Rc5 40. Qe2 Nxb5 41. Qh5+ Ke6 42. Qe8+ Re7 43. Qg8+ Rf7 44. Kg1 Nd6 45. Nf3 Kd7 46. Kh1 Qe8 47. Qg6 Kc7 48. Rxd5 Rxd5 49. Rxd5 Qe7 50. Qg8 Rf8 51. Rc5+ Kb8 52. Qb3 Re8 53. Rc3 Rc8 54. Nd4 Qf7 55. Qb1 Rxc3 0-1

[Event "GER-ch41 final email"]
[Site "GER email"]
[Date "2009.??.??"]
[Round "?"]
[White "Kiupel, Heinz"]
[Black "Marotz, Hans Joachim"]
[Result "1/2-1/2"]
[WhiteElo "2056"]
[BlackElo "2150"]
[PlyCount "144"]
[EventDate "2008.??.??"]
[EventType "tourn (corr)"]
[EventRounds "14"]
[EventCountry "GER"]
[SourceTitle "Corr 2011"]
[Source "ChessBase"]
[SourceDate "2010.08.31"]
[SourceVersion "1"]
[SourceVersionDate "2010.08.31"]
[SourceQuality "1"]

1. d4 Nf6 2. Nf3 g6 3. Bg5 Bg7 4. Nbd2 0-0 5. c3 d6 6. e3 Nbd7 7. Bd3 e5 8. 0-0 h6 9. Bh4 Qe7 10. Qc2 Re8 11. e4 g5 12. Bg3 Nh5 13. h3 Nxg3 14. fxg3 exd4 15. Nxd4 Ne5 16. Be2 a6 17. Bh5 Rf8 18. Rf2 c5 19. Nf5 Bxf5 20. Rxf5 b5 21. Raf1 Ra7 22. Nf3 Qe6 23. a3 Qa2 24. Nxe5 Bxe5 25. Qc1 f6 26. R5f2 a5 27. Kh2 Qb3 28. Bd1 Qf7 29. Be2 Rb8 30. Qd1 Kg7 31. Bh5 Qe6 32. Bg4 Qe7 33. Qd3 b4 34. Bd1 c4 35. Qe3 bxc3 36. bxc3 Qc7 37. a4 Qc5 38. Qxc5 dxc5 39. Be2 Bxc3 40. Bxc4 Rb4 41. Bb5 Be5 42. Rc2 Rc7 43. Rc4 h5 44. Rfc1 h4 45. Kg1 Bxg3 46. Kf1 Re7 47. Rxb4 cxb4 48. Bd3 Rd7 49. Ke2 b3 50. Rb1 Rd4 51. Rxb3 Rxa4 52. Rb7+ Kf8 53. Ke3 Ra3 54. Ra7 a4 55. Kd2 Ra2+ 56. Kd1 Rxg2 57. e5 Bxe5 58. Rxa4 Rf2 59. Be2 Ke7 60. Ra3 Ke6 61. Rf3 Rg2 62. Bc4+ Ke7 63. Re3 g4 64. hxg4 Rxg4 65. Bd3 Ke6 66. Rf3 Rd4 67. Ke2 Bf4 68. Kf2 f5 69. Kg2 Kf6 70. Kh3 Kg5 71. Bf1 Rd2 72. Bg2 Be5 1/2-1/2

[Event "GER M-446 D email"]
[Site "GER email"]
[Date "2008.08.08"]
[Round "?"]
[White "Kiupel, Heinz"]
[Black "Rondio, Thomas"]
[Result "1-0"]
[WhiteElo "2056"]
[BlackElo "1970"]
[PlyCount "99"]
[EventDate "2008.??.??"]
[EventType "tourn (corr)"]
[EventRounds "6"]
[EventCountry "GER"]
[SourceTitle "Corr 2011"]
[Source "ChessBase"]
[SourceDate "2010.08.31"]
[SourceVersion "1"]
[SourceVersionDate "2010.08.31"]
[SourceQuality "1"]

1. d4 Nf6 2. Nf3 e6 3. Bg5 c5 4. e3 Nc6 5. c3 cxd4 6. exd4 h6 7. Bh4 Qb6 8. Qb3 Nd5 9. Bg3 f5 10. Qxb6 axb6 11. Bd3 Be7 12. Nbd2 0-0 13. h3 d6 14. 0-0 Bd7 15. Kh1 g5 16. Rfe1 Na5 17. a4 h5 18. h4 f4 19. Bh2 gxh4 20. Ng1 Kg7 21. Nh3 Rae8 22. Be2 Rf5 23. Bf3 Rc8 24. Kg1 Nc4 25. Nxc4 Rxc4 26. Be4 Rf7 27. Bxd5 exd5 28. Nxf4 Rxa4 29. Rxa4 Bxa4 30. Nxd5 Bf8 31. Nxb6 Bc2 32. Re8 Bg6 33. Rd8 Re7 34. Bxd6 Re1+ 35. Kh2 Bxd6+ 36. Rxd6 Re2 37. f3 Rxb2 38. Nd5 Bf7 39. Ne3 b5 40. Nf5+ Kh7 41. Rh6+ Kg8 42. Nd6 Bd5 43. Kh3 b4 44. cxb4 Rxb4 45. Nf5 Bf7 46. Kxh4 Rb2 47. Kg5 Ra2 48. g3 Ra5 49. Rd6 Bb3 50. Kg6 1-0

[Event "GER-Cup17 qual-311 email"]
[Site "GER email"]
[Date "2007.??.??"]
[Round "?"]
[White "Kiupel, Heinz"]
[Black "Kaufmann, Michael"]
[Result "1/2-1/2"]
[WhiteElo "2008"]
[BlackElo "1748"]
[PlyCount "65"]
[EventDate "2007.??.??"]
[EventType "tourn (corr)"]
[EventRounds "6"]
[EventCountry "GER"]
[SourceTitle "Corr 2008"]
[Source "ChessBase"]
[SourceDate "2008.06.24"]
[SourceVersion "1"]
[SourceVersionDate "2008.06.24"]
[SourceQuality "1"]

1. d4 Nf6 2. Nf3 e6 3. Bg5 h6 4. Bh4 d6 5. e3 Nbd7 6. c4 g5 7. Bg3 Nh5 8. Nc3 Bg7 9. Qc2 Qe7 10. 0-0-0 Nb6 11. a4 a5 12. c5 Nd5 13. Nxd5 exd5 14. Bb5+ Bd7 15. cxd6 cxd6 16. Qb3 0-0 17. Kb1 Bc6 18. Rc1 Rac8 19. Ka2 f5 20. Rhe1 Qd7 21. Rc2 Rf7 22. Rec1 f4 23. exf4 g4 24. Ng1 Nxf4 25. Ne2 Nxe2 26. Rxe2 Re8 27. Bxc6 bxc6 28. Rec2 Re4 29. Rxc6 Rxd4 30. R1c2 Rb4 31. Rxd6 Qxa4+ 32. Qxa4 Rxa4+ 33. Kb1 1/2-1/2

[Event "HSG/BUE-ch"]
[Site "Hamburg"]
[Date "2003.12.12"]
[Round "18"]
[White "Kiupel, Heinz"]
[Black "Stortz, Marcus"]
[Result "1/2-1/2"]
[WhiteElo "1903"]
[BlackElo "1973"]
[PlyCount "57"]
[EventDate "2003.07.04"]
[EventType "swiss"]
[EventRounds "18"]
[EventCountry "GER"]
[SourceTitle "EXT 2009"]
[Source "ChessBase"]
[SourceDate "2008.11.26"]
[SourceVersion "1"]
[SourceVersionDate "2008.11.26"]
[SourceQuality "1"]

1. d4 Nf6 2. Nf3 e6 3. e3 c5 4. Bd3 d5 5. b3 Bd6 6. Nbd2 Nc6 7. a3 0-0 8. Bb2 cxd4 9. exd4 Nh5 10. g3 f5 11. Ne5 Nf6 12. 0-0 Bxe5 13. dxe5 Ng4 14. Nf3 b6 15. Qe2 Bb7 16. Rad1 Qe8 17. h3 Nh6 18. Nd4 Nxd4 19. Bxd4 Qe7 20. a4 f4 21. Kh2 Nf5 22. Bc3 fxg3+ 23. fxg3 Qg5 24. Rg1 Rac8 25. Bb2 Rf7 26. Qd2 Ne3 27. Bd4 Rf3 28. Bxe3 Qxe3 29. Qxe3 1/2-1/2

[Event "HSG/BUE-ch"]
[Site "Hamburg"]
[Date "2003.11.14"]
[Round "15"]
[White "Kiupel, Heinz"]
[Black "Johanssen, Torsten"]
[Result "1-0"]
[WhiteElo "1903"]
[BlackElo "1776"]
[PlyCount "83"]
[EventDate "2003.07.04"]
[EventType "swiss"]
[EventRounds "18"]
[EventCountry "GER"]
[SourceTitle "EXT 2009"]
[Source "ChessBase"]
[SourceDate "2008.11.26"]
[SourceVersion "1"]
[SourceVersionDate "2008.11.26"]
[SourceQuality "1"]

1. d4 Nf6 2. Nf3 g6 3. Bg5 Ne4 4. Bh4 Bg7 5. Nbd2 Nxd2 6. Qxd2 d6 7. e3 Nd7 8. c3 Nf6 9. Bd3 b6 10. d5 e5 11. h3 a5 12. e4 Bd7 13. g4 Qc8 14. Rg1 0-0 15. Qe2 Qb7 16. Bxf6 Bxf6 17. Bb5 c6 18. dxc6 Bxc6 19. Bxc6 Qxc6 20. 0-0-0 b5 21. Kb1 Rfc8 22. Rc1 Be7 23. Rgd1 Qb6 24. Rd5 Rab8 25. Nd2 Bg5 26. Rd1 Rc5 27. Nf3 Be7 28. Ne1 Rbc8 29. Rxc5 Rxc5 30. Nc2 Bg5 31. f3 Kf8 32. h4 Bf4 33. Qd3 Rc6 34. b4 a4 35. Na3 Qf2 36. Nxb5 Qxh4 37. Qd5 Ra6 38. Nxd6 Ra7 39. Nc8 Ra6 40. b5 Rf6 41. b6 Qf2 42. b7 1-0

[Event "HSG/BUE-ch"]
[Site "Hamburg"]
[Date "2003.11.07"]
[Round "14"]
[White "Kling, Guenter"]
[Black "Kiupel, Heinz"]
[Result "0-1"]
[WhiteElo "1760"]
[BlackElo "1896"]
[PlyCount "136"]
[EventDate "2003.07.04"]
[EventType "swiss"]
[EventRounds "18"]
[EventCountry "GER"]
[SourceTitle "EXT 2009"]
[Source "ChessBase"]
[SourceDate "2008.11.26"]
[SourceVersion "1"]
[SourceVersionDate "2008.11.26"]
[SourceQuality "1"]

1. d4 g6 2. c4 Bg7 3. Nf3 d6 4. Nc3 Nc6 5. e3 Bg4 6. Be2 e5 7. dxe5 Nxe5 8. Nxe5 Bxe2 9. Nxe2 dxe5 10. Qxd8+ Rxd8 11. Bd2 Nf6 12. Ng3 c5 13. Bc3 Nd7 14. Rd1 f5 15. Ke2 0-0 16. Rd5 Kf7 17. Rhd1 Ke7 18. b4 b6 19. b5 Bf6 20. a4 e4 21. Bxf6+ Nxf6 22. Rxd8 Rxd8 23. Rxd8 Kxd8 24. f3 exf3+ 25. gxf3 Ke7 26. Kd3 Kd6 27. Ne2 g5 28. h3 h6 29. Nc3 Ke5 30. Ne2 Nh5 31. Nc3 Nf6 32. Ne2 g4 33. f4+ Ke6 34. hxg4 Nxg4 35. Ng3 Nf6 36. Nf1 Ne4 37. Nh2 Kf6 38. Nf3 Ng3 39. Ne5 h5 40. Nf3 Ne4 41. Nh4 Nd6 42. Nf3 Nc8 43. Nh4 Ne7 44. Ke2 Ng6 45. Nf3 h4 46. Kf2 Kg7 47. Kg2 Kh6 48. Kh3 Kh5 49. Ng5 Ne5 50. e4 fxe4 51. Nxe4 Nxc4 52. f5 Ne3 53. f6 Nd5 54. f7 Nf4+ 55. Kh2 Ne6 56. Nd6 Kg4 57. Nc4 Kf5 58. Kg2 Kf6 59. Nd6 Ke7 60. Nf5+ Kxf7 61. Nxh4 Nd4 62. Kf2 Ke6 63. Ng2 Nc2 64. Ke2 Nd4+ 65. Kd3 Nf5 66. Kc4 Ke5 67. Kc3 Ke4 68. Ne1 Ke3 0-1